| 000 | 01308nam a22003374a 4500 | ||
|---|---|---|---|
| 001 | ebr10430718 | ||
| 003 | CaPaEBR | ||
| 006 | m u | ||
| 007 | cr cn||||||||| | ||
| 008 | 100226s2010 mau sb 000 0 eng | ||
| 010 | _z 2010008492 | ||
| 020 | _z9781931930994 | ||
| 040 |
_aCaPaEBR _cCaPaEBR |
||
| 035 | _a(OCoLC)650287523 | ||
| 043 | _aa-cc--- | ||
| 050 | 1 | 4 |
_aDS721 _b.H71114 2010eb |
| 100 | 1 |
_aHu, Wenzhong, _d1935- |
|
| 245 | 1 | 0 |
_aEncountering the Chinese _h[electronic resource] : _ba modern country, an ancient culture / _cHu Wenzhong, Cornelius l. Grove, and Zhuang Enping. |
| 250 | _a3rd ed. | ||
| 260 |
_aBoston : _bNicholas Brealey Pub., _c2010. |
||
| 300 | _axxx, 191 p. | ||
| 504 | _aIncludes bibliographical references. | ||
| 533 |
_aElectronic reproduction. _bPalo Alto, Calif. : _cebrary, _d2013. _nAvailable via World Wide Web. _nAccess may be limited to ebrary affiliated libraries. |
||
| 650 | 0 | _aNational characteristics, Chinese. | |
| 651 | 0 |
_aChina _xSocial life and customs _y1976-2002. |
|
| 655 | 7 |
_aElectronic books. _2local |
|
| 700 | 1 | _aGrove, Cornelius Lee. | |
| 700 | 1 | _aZhuang, Enping. | |
| 710 | 2 | _aebrary, Inc. | |
| 856 | 4 | 0 |
_uhttp://site.ebrary.com/lib/rucke/Doc?id=10430718 _zAn electronic book accessible through the World Wide Web; click to view |
| 999 |
_c146182 _d146182 |
||